Cities With the Most Major Championships - Statistics

General Stats
  • This quiz has been taken 54 times
    35 since last reset
  • The average score is 17 of 21
Answer Stats
Championships Answer % Correct
59 New York City
100%
25 Los Angeles
97%
40 Boston
93%
29 Chicago
93%
9 Dallas
93%
7 Miami
93%
7 Denver
90%
8 Houston
90%
18 Philadelphia
90%
22 Detroit
87%
20 San Francisco
87%
16 Toronto
83%
9 Washington DC
83%
17 Pittsburgh
80%
26 Montreal
73%
9 Baltimore
67%
8 Kansas City
67%
14 St Louis
67%
7 Minneapolis
63%
13 Cleveland
60%
13 Green Bay
43%
No matching quizzes found
Score Distribution
Percent of People with Each Score
Percentile by Number Answered
Your Score History
You have not taken this quiz since the last reset